| 000 | 00346nam a2200133Ia 4500 | ||
|---|---|---|---|
| 008 | 240624s9999 xx 000 0 und d | ||
| 041 | _aeng | ||
| 082 | _a363.721 SIN | ||
| 100 | _aSIMHA SAVITA | ||
| 245 | _aGLOBAL CONCERN WITH ENVIRONMENTAL CRISIS | ||
| 260 |
_c1999 _aNew Delhi _bAPH Publishing Corporation |
||
| 300 | _a281 : p. | ||
| 365 | _cRS | ||
| 999 |
_c15902 _d15902 |
||